| 000 | 00828nas a2200241 4500 | ||
|---|---|---|---|
| 001 | BR8705924 | ||
| 003 | BR-BrBNA | ||
| 005 | 20231205090823.0 | ||
| 007 | ta | ||
| 008 | 230509b bl.|||p| |||| 00| 00por d | ||
| 040 |
_aBR-BrBNA _bpor _cBiblioteca Nacional de Agricultura |
||
| 041 | _a(Pt) | ||
| 072 | _aL73 | ||
| 100 | 1 | _aPereira, M.J.S. | |
| 100 | 1 | _aLopes, C.W. | |
| 245 | 1 | _aThe Crab-eating fox (Cerdocyon thous)as a final host for Sarcocystis capracanis (Apicomplexa: Sarcocystidae)[Cachorro do mato, hospedeiro, sarcocisto, esporocisto] | |
| 650 | _aCAO | ||
| 650 | _aGATO | ||
| 650 | _aCOCCIDEO | ||
| 773 | 0 |
_tArquivos da Universidade Federal Rural do Rio de Janeiro (Brazil) _xISSN 0100-2481 _g(Jul-Dec 1982), v. 5(2) p. 233-235 _wBR8705924 |
|
| 909 |
_a202311 _bLúcia _c55 _dLúcia Elande |
||
| 942 |
_2AGRIS _n0 _cANA |
||
| 999 |
_c121060 _d121060 |
||